[Event "2nd Yerevan Open"]
[Site "?"]
[Date "2017.09.20"]
[Round "1"]
[White "Baghdasarian, Vahe"]
[Black "Khachatrian, Arbi"]
[Result "1-0"]
[WhiteElo "2440"]
[BlackElo "1889"]
[PlyCount "47"]
[EventDate "2017.??.??"]

1. e4 c5 2. Nf3 Nc6 3. d4 cxd4 4. Nxd4 e6 5. Nc3 Qc7 6. Be2 a6 7. O-O Nf6 8.
Kh1 Nxd4 9. Qxd4 Bc5 10. Qd3 b5 11. f4 d6 12. e5 dxe5 13. fxe5 Qxe5 14. Bf4 Qd4
15. Qg3 Bb7 16. Be5 Qd8 17. Rad1 Qe7 18. Nxb5 axb5 19. Qxg7 Nd5 20. Bxb5+ Kd8
21. Qxh8+ Qf8 22. Qxf8+ Bxf8 23. Rxf7 Be7 24. Rxh7 1-0

[Event "2nd Yerevan Open"]
[Site "?"]
[Date "2017.09.20"]
[Round "1"]
[White "Manukian, Levon"]
[Black "Sargsian, Shant"]
[Result "0-1"]
[WhiteElo "1871"]
[BlackElo "2436"]
[PlyCount "56"]
[EventDate "2017.??.??"]

1. e4 c5 2. Nf3 d6 3. d4 Nf6 4. Nc3 cxd4 5. Nxd4 Nc6 6. Bc4 e6 7. Be3 a6 8. Qe2
Qc7 9. Bb3 Be7 10. O-O-O O-O 11. Rhg1 b5 12. g4 b4 13. Nxc6 Qxc6 14. Nd5 Re8
15. Nb6 Rb8 16. Ba4 Qxe4 17. f3 Qb7 18. Bxe8 Nxe8 19. g5 d5 20. h4 Nd6 21. h5
Nf5 22. Bf2 Qc6 23. Nxc8 Rxc8 24. Bd4 Nxd4 25. Rxd4 Bc5 26. Rdd1 Bxg1 27. Rxg1
Qc4 28. Qe5 Qxc2# 0-1

[Event "2nd Yerevan Open"]
[Site "?"]
[Date "2017.09.20"]
[Round "1"]
[White "Aitbayev, Aslan"]
[Black "Tavaqalian, Azat"]
[Result "1-0"]
[WhiteElo "2427"]
[BlackElo "1867"]
[PlyCount "159"]
[EventDate "2017.??.??"]

1. e4 c5 2. Nf3 e6 3. g3 Nc6 4. Bg2 g6 5. d4 cxd4 6. Nxd4 e5 7. Nb5 d6 8. O-O
Be6 9. N1c3 a6 10. Na3 b5 11. Nd5 Bg7 12. c4 Rb8 13. Be3 Nge7 14. Qd3 b4 15.
Nc2 O-O 16. Rfd1 Nc8 17. c5 a5 18. Qa6 Nd4 19. Nxd4 exd4 20. Bxd4 Bxd5 21. exd5
Bxd4 22. Rxd4 dxc5 23. Rc4 Rb6 24. Qxa5 Nd6 25. Rc2 c4 26. Bf1 Rb5 27. Qa4 Qa8
28. Qxa8 Rxa8 29. Rd1 Rc5 30. b3 c3 31. Rd4 Rb8 32. Bd3 Ra5 33. Kf1 Kf8 34. Re2
Kg7 35. Ke1 Kf6 36. Kd1 Rb6 37. Kc1 Rb8 38. Kb1 Rb6 39. Rf4+ Kg7 40. Rd4 Kf6
41. Re3 Rc5 42. h4 Rc7 43. Rf4+ Kg7 44. Re2 Rc5 45. Rd4 Kf6 46. a3 bxa3 47. Ka2
Kg7 48. b4 Rc7 49. Rc2 Kf6 50. Kxa3 Ke5 51. Rf4 Kxd5 52. Kb3 Rbc6 53. Bf1 f5
54. Bg2+ Ne4 55. Bxe4+ fxe4 56. Rf8 Kd4 57. Rd8+ Ke5 58. Re8+ Kd5 59. Rd8+ Ke5
60. Rd1 h5 61. Rd8 Ke6 62. Rg8 Ke5 63. Re8+ Kd4 64. Rd8+ Ke5 65. Re8+ Kd4 66.
Rf8 Ke5 67. Ra8 Kf5 68. b5 Rb6 69. Kb4 Rcb7 70. Ra5 Ke6 71. Rc1 Rb8 72. Rd1 Ke5
73. Kc5 R8b7 74. Rc1 Rf6 75. Rxc3 Rc7+ 76. Kb4 Rxc3 77. Kxc3 Rxf2 78. b6+ Kd6
79. Rb5 Kc6 80. b7 1-0

[Event "2nd Yerevan Open"]
[Site "?"]
[Date "2017.09.20"]
[Round "1"]
[White "Grigorian, Arpine"]
[Black "Yegiazaian, Arsen"]
[Result "0-1"]
[WhiteElo "1865"]
[BlackElo "2421"]
[PlyCount "70"]
[EventDate "2017.??.??"]

1. e4 c5 2. Nf3 Nc6 3. Bb5 Nf6 4. e5 Nd5 5. O-O g6 6. c3 Nc7 7. Ba4 Bg7 8. d4
cxd4 9. cxd4 O-O 10. Qc2 b5 11. Bb3 Bb7 12. Qe2 d6 13. e6 fxe6 14. Bxe6+ Kh8
15. d5 Nb4 16. Nc3 Nxe6 17. Qxe6 Nc2 18. Bg5 Nxa1 19. Bxe7 Qa5 20. Bxf8 Rxf8
21. Ng5 h6 22. Nf7+ Kh7 23. Rxa1 b4 24. Ne4 Qxd5 25. Qxd5 Bxd5 26. Nfxd6 a5 27.
Nd2 Bxb2 28. Rb1 Bc3 29. N2c4 a4 30. Rd1 Be6 31. Nb6 a3 32. Na4 Bg7 33. Rd2 Rd8
34. Nc5 Bg8 35. Ncb7 Ra8 0-1

[Event "2nd Yerevan Open"]
[Site "?"]
[Date "2017.09.20"]
[Round "1"]
[White "Israelian, Eduard"]
[Black "Chibuxhian, Artur"]
[Result "1/2-1/2"]
[WhiteElo "1854"]
[BlackElo "2417"]
[PlyCount "114"]
[EventDate "2017.??.??"]

1. Nf3 d5 2. c4 d4 3. b4 f6 4. Bb2 e5 5. a3 a5 6. b5 c5 7. d3 Nh6 8. g3 Be7 9.
Bg2 O-O 10. O-O Be6 11. a4 Nd7 12. Na3 f5 13. e3 dxe3 14. fxe3 Ng4 15. Nc2 e4
16. dxe4 Bxc4 17. exf5 Bxf1 18. Qd5+ Kh8 19. Rxf1 Bf6 20. Bxf6 Ndxf6 21. Qc4
Qe7 22. Re1 Ne4 23. Ne5 Nxe5 24. Qxe4 b6 25. Nd4 Rae8 26. Ne6 Qd6 27. Nxf8 Rxf8
28. Rf1 Rd8 29. Qb7 c4 30. Be4 Qf6 31. Qc7 h5 32. Rc1 Kh7 33. Qb7 Rd6 34. Bb1
Rd2 35. Qe4 c3 36. Rxc3 Rd7 37. Kg2 Rd2+ 38. Kg1 Rd1+ 39. Kg2 Ng4 40. Rb3 Rd2+
41. Kg1 Nxh2 42. Qe6 Nf3+ 43. Kf1 Nh2+ 44. Kg1 Nf3+ 45. Kf1 Rh2 46. Qxf6 gxf6
47. Bd3 Ne5 48. Be2 Rh1+ 49. Kg2 Ra1 50. Rc3 Rxa4 51. Rc7+ Kh6 52. Rb7 Kg5 53.
Rxb6 Ra2 54. Kf1 a4 55. Ra6 a3 56. b6 Rb2 57. Rxa3 Rxb6 1/2-1/2

[Event "2nd Yerevan Open"]
[Site "?"]
[Date "2017.09.20"]
[Round "1"]
[White "Torosian, Norayr"]
[Black "Boyajian, Hayk"]
[Result "1-0"]
[WhiteElo "2404"]
[BlackElo "1848"]
[PlyCount "173"]
[EventDate "2017.??.??"]

1. e4 e5 2. Nf3 Nc6 3. Bb5 Nf6 4. d3 Bc5 5. Bxc6 dxc6 6. Nbd2 Be6 7. O-O Nd7 8.
Nb3 Bxb3 9. axb3 O-O 10. Bd2 Re8 11. Bc3 Qe7 12. g3 Bb4 13. Bxb4 Qxb4 14. Nh4
g6 15. Kh1 Qe7 16. Ng2 Nc5 17. f4 f6 18. fxe5 fxe5 19. Ne3 a6 20. Ng4 Rf8 21.
Qd2 h5 22. Ne3 Rxf1+ 23. Rxf1 Rf8 24. Rxf8+ Qxf8 25. Kg2 b6 26. Qc3 Qf6 27. Nc4
Nd7 28. b4 h4 29. Qe1 hxg3 30. hxg3 c5 31. bxc5 Nxc5 32. Qc3 Nd7 33. Ne3 Qg5
34. Kf2 Qf6+ 35. Ke2 Nc5 36. Ng4 Qg5 37. Kf3 Qc1 38. Ne3 Qh1+ 39. Kf2 Qh2+ 40.
Ng2 Qh8 41. Nh4 Qf6+ 42. Nf3 Nd7 43. Qxc7 Qe6 44. Kg2 b5 45. Qc8+ Kg7 46. Nxe5
Qxe5 47. Qxd7+ Kh6 48. c3 b4 49. Qd5 Qc7 50. Qd4 bxc3 51. Qh8+ Qh7 52. Qxc3 Qg8
53. d4 Qe6 54. Qc1+ Kh7 55. Qc7+ Kg8 56. Qd8+ Kh7 57. Qd5 Qe7 58. e5 Qb4 59.
Qf7+ Kh8 60. Qf2 Qb7+ 61. Kh2 Qh7+ 62. Kg1 Qb7 63. Qe2 Qd5 64. Qe3 Qe6 65. Qg5
Kg8 66. Qd8+ Kh7 67. Qh4+ Kg8 68. Qe4 Kg7 69. Qe3 a5 70. b3 Qg4 71. e6 Qd1+ 72.
Kf2 Qc2+ 73. Qe2 Qxb3 74. e7 Qf7+ 75. Ke1 Qe8 76. Qe6 a4 77. d5 a3 78. d6 a2
79. Qxa2 Qc6 80. Qe2 Qh1+ 81. Kd2 Qd5+ 82. Kc1 Qg5+ 83. Kb2 Qf6+ 84. Ka2 Qf7+
85. Ka3 Qe8 86. Qe5+ Kf7 87. Qf4+ 1-0

[Event "2nd Yerevan Open"]
[Site "?"]
[Date "2017.09.20"]
[Round "1"]
[White "Muradian, Robert"]
[Black "Omidi, Arya"]
[Result "0-1"]
[WhiteElo "1846"]
[BlackElo "2402"]
[PlyCount "80"]
[EventDate "2017.??.??"]

1. d4 Nf6 2. g3 g6 3. Bg2 Bg7 4. e4 O-O 5. Ne2 d6 6. O-O Nbd7 7. c4 e5 8. d5
Nc5 9. Nbc3 a5 10. Be3 b6 11. h3 Bd7 12. b3 Nh5 13. g4 Nf4 14. Nxf4 exf4 15.
Bd4 Qh4 16. Bxg7 Kxg7 17. f3 f6 18. Ne2 g5 19. Nd4 Qh6 20. a3 Qg6 21. b4 Nb7
22. h4 h5 23. Nf5+ Bxf5 24. exf5 Qh6 25. hxg5 Qxg5 26. Re1 Rf7 27. Re4 Kf8 28.
Qc1 Re7 29. Rxe7 Kxe7 30. gxh5 Kf8 31. Qc3 Nd8 32. c5 Nf7 33. cxd6 cxd6 34. Re1
axb4 35. Qxb4 Rc8 36. Qe4 Ne5 37. Kf1 Kg7 38. Qb4 Rc2 39. Bh1 Qg3 40. Qxb6 Qh3+
0-1

[Event "2nd Yerevan Open"]
[Site "?"]
[Date "2017.09.20"]
[Round "1"]
[White "Mkrtchian, Liliy"]
[Black "Ghazarian, Raffi"]
[Result "1-0"]
[WhiteElo "2401"]
[BlackElo "1833"]
[PlyCount "83"]
[EventDate "2017.??.??"]

1. c4 c5 2. Nf3 Nc6 3. Nc3 g6 4. e3 Nf6 5. d4 cxd4 6. exd4 d5 7. cxd5 Nxd5 8.
Qb3 Nxc3 9. Bc4 e6 10. bxc3 Bg7 11. Ba3 Bd7 12. Bd3 Qb6 13. O-O Qxb3 14. axb3
Bf8 15. Bxf8 Kxf8 16. b4 Kg7 17. b5 Ne7 18. Ne5 Rhd8 19. Ra3 Be8 20. Rfa1 Nd5
21. Bf1 a5 22. bxa6 bxa6 23. Bxa6 Rdb8 24. Bf1 Rxa3 25. Rxa3 Rb1 26. c4 Nf4 27.
Re3 Rc1 28. g3 Nh3+ 29. Kg2 f6 30. Nf3 Ra1 31. Rxe6 Bf7 32. Re1 Rxe1 33. Nxe1
Ng5 34. Bd3 f5 35. Nc2 Ne6 36. f4 Kf6 37. Kf3 Be8 38. Ke3 Ke7 39. Nb4 Ba4 40.
Na6 Kd6 41. c5+ Kc6 42. Bc4 1-0

[Event "2nd Yerevan Open"]
[Site "?"]
[Date "2017.09.20"]
[Round "1"]
[White "Petrosian, Sahak"]
[Black "Nugumanov, Bakhtiyar"]
[Result "0-1"]
[WhiteElo "1824"]
[BlackElo "2401"]
[PlyCount "96"]
[EventDate "2017.??.??"]

1. e4 c6 2. d3 d5 3. Nd2 g6 4. Ngf3 Bg7 5. Qe2 Bg4 6. h3 Bxf3 7. Nxf3 e6 8. g3
Ne7 9. c3 c5 10. Bg2 Nbc6 11. O-O O-O 12. Re1 e5 13. Nh2 Qd6 14. f4 Rfe8 15.
Qf3 d4 16. c4 exf4 17. gxf4 Nf5 18. Qf2 Ne3 19. Ng4 Nxg2 20. Qxg2 Nb4 21. Qd2
f5 22. e5 Qd8 23. Nh2 Qh4 24. Rd1 Qxh3 25. a3 Nc6 26. b4 g5 27. b5 Nd8 28. Qe2
gxf4 29. Bxf4 Ne6 30. Bd2 f4 31. Rf1 Ng5 32. Nf3 Nxf3+ 33. Rxf3 Rxe5 34. Qxe5
Qxf3 35. Qd5+ Qxd5 36. cxd5 Bh6 37. Kf2 Rd8 38. Re1 Kf7 39. Rh1 Kg6 40. Re1 Bg5
41. Kf3 Rxd5 42. Re8 Rd7 43. b6 axb6 44. Re6+ Kf5 45. Rxb6 Ke5 46. Rb5 Kd5 47.
Bb4 Be7 48. Bd2 Bd6 0-1

[Event "2nd Yerevan Open"]
[Site "?"]
[Date "2017.09.20"]
[Round "1"]
[White "Bagaturov, Giorgi"]
[Black "Rezanezhad, Mojtaba"]
[Result "1/2-1/2"]
[WhiteElo "2400"]
[BlackElo "1822"]
[PlyCount "96"]
[EventDate "2017.??.??"]

1. d4 Nf6 2. Nf3 g6 3. c4 Bg7 4. g3 d6 5. Bg2 O-O 6. Nc3 Nbd7 7. O-O e5 8. e4
exd4 9. Nxd4 Nc5 10. h3 Re8 11. Re1 c6 12. b3 Qb6 13. Be3 Nfd7 14. Qc2 a5 15.
Rab1 Qc7 16. Rbd1 Na6 17. Qd2 Ndc5 18. Nde2 Nb4 19. Rf1 Nbd3 20. Na4 Bf8 21.
Bh6 Bxh6 22. Qxh6 f5 23. Nac3 Qg7 24. Qxg7+ Kxg7 25. exf5 Bxf5 26. Rd2 Rad8 27.
Rfd1 Nb4 28. Rxd6 Rxd6 29. Rxd6 Nxa2 30. g4 Bc2 31. Nd4 Nxc3 32. Nxc2 Ne2+ 33.
Kh2 Re7 34. b4 axb4 35. Nxb4 Nc3 36. Nd3 Nxd3 37. Rxd3 Na4 38. Ra3 Nc5 39. Kg3
g5 40. h4 gxh4+ 41. Kxh4 Re2 42. Ra5 Ne6 43. Ra7 Nd8 44. Ra8 Rxf2 45. Rxd8 Rxg2
46. Rd7+ Kg6 47. Rd6+ Kg7 48. Rd7+ Kg6 1/2-1/2

[Event "2nd Yerevan Open"]
[Site "?"]
[Date "2017.09.20"]
[Round "1"]
[White "Chaqrian, Erik"]
[Black "Kalashian, David"]
[Result "1/2-1/2"]
[WhiteElo "1821"]
[BlackElo "2389"]
[PlyCount "122"]
[EventDate "2017.??.??"]

1. d4 Nf6 2. c4 e6 3. Nc3 Bb4 4. f3 d5 5. a3 Bxc3+ 6. bxc3 O-O 7. e3 c5 8. Nh3
Nc6 9. Nf2 dxc4 10. Bxc4 Nd5 11. Bd2 Na5 12. Bd3 c4 13. Bc2 Qg5 14. f4 Qd8 15.
e4 Ne7 16. O-O b6 17. Ng4 Bb7 18. Rf3 f5 19. Nf2 Kh8 20. Rh3 h6 21. Qe2 Nb3 22.
Rf1 Ng8 23. g4 Nf6 24. g5 Nxe4 25. Nxe4 fxe4 26. gxh6 g6 27. Be3 Qd5 28. Rg3
Kh7 29. Qg2 Rf6 30. Rg5 Qd6 31. Bxe4 Bxe4 32. Qxe4 Raf8 33. Kh1 Na5 34. Rfg1
Qc6 35. d5 exd5 36. Qxd5 Re6 37. Bd4 Rxf4 38. Bg7 Rf2 39. Qxc6 Nxc6 40. Rd1 Ne7
41. Rd7 Re1+ 42. Rg1 Ree2 43. Rg5 Rf1+ 44. Rg1 Rf5 45. Rxa7 g5 46. Rg2 Re1+ 47.
Rg1 Re6 48. Rd1 Re2 49. Kg1 Re4 50. Rd4 Re1+ 51. Kg2 Re2+ 52. Kg1 Rb5 53. Rd1
Kg6 54. Bf8 Rbb2 55. Rxe7 Rg2+ 56. Kh1 Rxh2+ 57. Kg1 Rhg2+ 58. Kh1 Rh2+ 59. Kg1
Rbg2+ 60. Kf1 Rf2+ 61. Kg1 Rhg2+ 1/2-1/2

[Event "2nd Yerevan Open"]
[Site "?"]
[Date "2017.09.20"]
[Round "1"]
[White "Tahbaz, Arash"]
[Black "Manukian, Sevak"]
[Result "1-0"]
[WhiteElo "2381"]
[BlackElo "1799"]
[PlyCount "95"]
[EventDate "2017.??.??"]

1. e4 e6 2. d4 d5 3. Nd2 Nc6 4. Ngf3 Nf6 5. e5 Nd7 6. Be2 f6 7. exf6 Qxf6 8.
Nf1 Bd6 9. Ne3 O-O 10. O-O Ne7 11. Bd3 h5 12. c4 c6 13. Nc2 Bf4 14. Re1 Bxc1
15. Qxc1 Ng6 16. Qe3 Nf4 17. Bf1 dxc4 18. Qe4 Nb6 19. Ne5 Qf5 20. a4 a5 21.
Qxf5 exf5 22. Nxc4 Nfd5 23. b3 Bd7 24. Nd6 Rab8 25. Reb1 Nc3 26. Re1 Nbd5 27.
Re5 Rf6 28. Nc4 b6 29. Ree1 Re8 30. Ne5 Bc8 31. Bc4 Bb7 32. Nd7 Rxe1+ 33. Rxe1
Rf7 34. Nxb6 Nxb6 35. Re8+ Kh7 36. Bxf7 Ba6 37. Bxh5 Nbd5 38. Bf3 Nf4 39. g3
Nd3 40. Re3 Nd5 41. Bxd5 cxd5 42. Re6 Bb7 43. Rb6 Bc8 44. b4 axb4 45. Nxb4 Nc1
46. a5 Ne2+ 47. Kf1 Nxd4 48. a6 1-0

[Event "2nd Yerevan Open"]
[Site "?"]
[Date "2017.09.20"]
[Round "1"]
[White "Mkrtchian, Mariam"]
[Black "Gharibian, Mamikon"]
[Result "0-1"]
[WhiteElo "1794"]
[BlackElo "2365"]
[PlyCount "96"]
[EventDate "2017.??.??"]

1. g3 d5 2. Bg2 Nf6 3. d3 e6 4. Nd2 Be7 5. e4 O-O 6. Ne2 dxe4 7. dxe4 e5 8. O-O
Nc6 9. c3 Qd3 10. Nb3 Rd8 11. Qxd3 Rxd3 12. h3 a5 13. Be3 a4 14. Nd2 Be6 15.
Nc1 Rd7 16. f4 Bc5 17. Bxc5 Rxd2 18. Rb1 Rad8 19. Be3 Rd1 20. b3 axb3 21. axb3
exf4 22. gxf4 Rxf1+ 23. Kxf1 g6 24. Ke2 Na5 25. f5 gxf5 26. Bg5 Kg7 27. e5 Nd5
28. Ra1 Nxc3+ 29. Kf2 Nxb3 30. Nxb3 Rd1 31. Nc1 Ne4+ 32. Bxe4 fxe4 33. h4 h6
34. Bf4 Kg6 35. Ra5 b6 36. Ra4 Kf5 37. Ne2 h5 38. Bg3 c5 39. Rxe4 Kxe4 40. Nc3+
Kd3 41. Nxd1 b5 42. Kf1 Kd2 43. Nf2 Bc4+ 44. Kg1 Bd5 45. Nh3 b4 46. Nf4 b3 47.
Nxd5 b2 48. Bf4+ Kd3 0-1

[Event "2nd Yerevan Open"]
[Site "?"]
[Date "2017.09.20"]
[Round "1"]
[White "Vardanian, Hayk"]
[Black "Nourimoghaddam, Shahrokh"]
[Result "1-0"]
[WhiteElo "2355"]
[BlackElo "1794"]
[PlyCount "103"]
[EventDate "2017.??.??"]

1. e4 c5 2. Nf3 e6 3. b3 Nc6 4. Bb2 Qc7 5. g3 d6 6. Bg2 Nf6 7. Bxf6 gxf6 8. O-O
Be7 9. c3 Bd7 10. d4 O-O-O 11. Nbd2 h5 12. b4 Rdg8 13. b5 Nd8 14. a4 h4 15. Nc4
d5 16. exd5 exd5 17. Ne3 Be6 18. dxc5 Bxc5 19. Nd4 hxg3 20. hxg3 Qe5 21. Re1
Qg5 22. Qf3 Rh5 23. Rad1 Rgh8 24. c4 Bh3 25. Qxd5 Bxg2 26. Qxg5 fxg5 27. Kxg2
Bxd4 28. Rxd4 Ne6 29. Rd5 Rd8 30. Nf5 Kc7 31. Rxd8 Kxd8 32. Nd6 g4 33. Nxf7+
Ke7 34. Nd8 Kxd8 35. Rxe6 Rg5 36. Rd6+ Kc7 37. Rd5 Rg7 38. c5 a6 39. f3 gxf3+
40. Kxf3 axb5 41. axb5 Rf7+ 42. Ke3 Rf1 43. Rh5 Rc1 44. Rh7+ Kc8 45. Kd4 Rd1+
46. Kc4 Rg1 47. Rg7 Rc1+ 48. Kb4 Ra1 49. g4 Ra2 50. g5 Ra1 51. g6 Ra2 52. Rf7
1-0

[Event "2nd Yerevan Open"]
[Site "?"]
[Date "2017.09.20"]
[Round "1"]
[White "Piliposian, Robert"]
[Black "Pogosian, Stefan"]
[Result "0-1"]
[WhiteElo "1773"]
[BlackElo "2349"]
[PlyCount "156"]
[EventDate "2017.??.??"]

1. e4 e5 2. Nf3 Nc6 3. d4 exd4 4. Nxd4 Bc5 5. Nb3 Bb6 6. Nc3 Nf6 7. Qe2 d6 8.
Be3 O-O 9. O-O-O Be6 10. Kb1 Nd7 11. Bxb6 axb6 12. f3 Nc5 13. Qf2 Nb4 14. Qd4
Nxa2 15. Nxa2 Nxb3 16. cxb3 Bxb3 17. Nc3 Bxd1 18. Nxd1 Qg5 19. Ne3 Ra5 20. h4
Qg3 21. Nf5 Qe1+ 22. Kc2 Rc5+ 23. Kb3 Re5 24. h5 h6 25. Rg1 b5 26. Kc2 Rc5+ 27.
Kb3 f6 28. Ne7+ Kf7 29. Nd5 Ra8 30. Nc3 Ra1 31. Qd3 Qf2 32. Rh1 b4 33. Nd1 Qg3
34. Qd4 Kf8 35. Ne3 Qe1 36. Nc2 Qd1 37. Qxd1 Rxd1 38. g3 Rd2 39. Nxb4 Rc1 40.
Nd5 Rdd1 41. Rh3 Rxf1 42. g4 Rh1 43. Rxh1 Rxh1 44. Nxc7 Kf7 45. Nb5 Ke6 46.
Nd4+ Ke5 47. Kc3 Rd1 48. Ne2 Rf1 49. Nd4 Kf4 50. Ne6+ Kxf3 51. Nxg7 Kxg4 52.
Kd4 f5 53. exf5 Rxf5 54. Nxf5 Kxf5 55. Kd5 Kg5 56. Kxd6 Kxh5 57. b4 Kg4 58. b5
h5 59. b6 h4 60. Kc7 h3 61. Kxb7 h2 62. Kc7 h1=Q 63. b7 Qc1+ 64. Kb6 Qf4 65.
Ka7 Qc7 66. Ka8 Qa5+ 67. Kb8 Kf5 68. Kc8 Qc5+ 69. Kd7 Qb6 70. Kc8 Qc6+ 71. Kb8
Ke6 72. Ka7 Qa4+ 73. Kb6 Qb4+ 74. Kc7 Qd6+ 75. Kc8 Qc6+ 76. Kb8 Kd7 77. Ka7
Qa4+ 78. Kb6 Qb4+ 0-1

[Event "2nd Yerevan Open"]
[Site "?"]
[Date "2017.09.20"]
[Round "1"]
[White "Hayrapetian, Artavazd"]
[Black "Arakelian, Nare"]
[Result "1-0"]
[WhiteElo "2346"]
[BlackElo "1772"]
[PlyCount "45"]
[EventDate "2017.??.??"]

1. d4 Nf6 2. c4 g6 3. Nc3 Bg7 4. e4 d6 5. Nf3 O-O 6. Be2 Bg4 7. O-O Bxf3 8.
Bxf3 Nc6 9. d5 Na5 10. Be2 Nd7 11. Bd2 b6 12. b4 Nb7 13. a3 e6 14. Qc2 Qe7 15.
Rac1 Bxc3 16. Qxc3 e5 17. Bh6 Rfe8 18. f4 a5 19. f5 axb4 20. axb4 Ra4 21. Bd1
Ra2 22. f6 Qd8 23. Bg7 1-0

[Event "2nd Yerevan Open"]
[Site "?"]
[Date "2017.09.20"]
[Round "1"]
[White "Hakobian, Hakob.Mk"]
[Black "Nadanian, Ashot"]
[Result "0-1"]
[WhiteElo "1763"]
[BlackElo "2344"]
[PlyCount "82"]
[EventDate "2017.??.??"]

1. e4 c5 2. c3 d5 3. exd5 Nf6 4. d4 cxd4 5. Qxd4 Qxd5 6. Nf3 Nc6 7. Qxd5 Nxd5
8. Bb5 Bd7 9. Na3 a6 10. Bxc6 Bxc6 11. Ne5 Rc8 12. O-O e6 13. Nxc6 Rxc6 14. Nc2
Be7 15. g3 O-O 16. Ne3 Nb6 17. a4 a5 18. Bd2 Rd8 19. Rfd1 Rcd6 20. Be1 Rxd1 21.
Nxd1 Nxa4 22. Ne3 Nxb2 23. Rxa5 Nd3 24. Kf1 Bc5 25. Rb5 Rd7 26. Nc4 f6 27. Na5
b6 28. Nb3 e5 29. Ke2 Kf7 30. c4 Ke6 31. Nxc5+ bxc5 32. Ba5 Kf5 33. f3 e4 34.
Bb6 Nc1+ 35. Kf2 Rd2+ 36. Ke1 Re2+ 37. Kd1 exf3 38. Bxc5 Nd3 39. Bb6+ Ke4 40.
Ba5 Nb2+ 41. Kc1 f2 0-1

[Event "2nd Yerevan Open"]
[Site "?"]
[Date "2017.09.20"]
[Round "1"]
[White "Mirzoyan, David"]
[Black "Seyarnian, Gor"]
[Result "1-0"]
[WhiteElo "2341"]
[BlackElo "1747"]
[PlyCount "93"]
[EventDate "2017.??.??"]

1. d4 Nf6 2. c4 e6 3. Nf3 b6 4. g3 Bb7 5. Bg2 Be7 6. O-O O-O 7. Re1 d6 8. Nc3
Ne4 9. Qc2 f5 10. Nd2 d5 11. Ndxe4 dxe4 12. Rd1 Nd7 13. b3 Nf6 14. Bb2 Qe8 15.
e3 Qh5 16. Nb5 Rfc8 17. a4 c6 18. Nc3 Rd8 19. a5 e5 20. a6 Bc8 21. d5 cxd5 22.
Nxd5 Nxd5 23. Rxd5 Be6 24. Rxd8+ Rxd8 25. Bxe5 Bb4 26. Bd4 Bc5 27. Bc3 Qf7 28.
Bf1 h5 29. Rd1 Rc8 30. Bd4 h4 31. Qc3 hxg3 32. fxg3 Kh7 33. Rd2 Qe7 34. Qb2 Rc6
35. Rf2 Bc8 36. Bh3 Qg5 37. Rf4 Rh6 38. Bf1 Bxa6 39. Bxc5 bxc5 40. Qe5 Bc8 41.
Qxc5 Qd8 42. Qxa7 Qd2 43. Rf2 Qd1 44. Qc5 Be6 45. b4 f4 46. Rxf4 Bh3 47. Qd4
1-0

[Event "2nd Yerevan Open"]
[Site "?"]
[Date "2017.09.20"]
[Round "1"]
[White "Kocharian, Hayk"]
[Black "Danielian, Vahe"]
[Result "1/2-1/2"]
[WhiteElo "1737"]
[BlackElo "2331"]
[PlyCount "147"]
[EventDate "2017.??.??"]

1. c4 e5 2. g3 g6 3. Bg2 Bg7 4. d3 Ne7 5. e3 O-O 6. Ne2 d5 7. cxd5 Nxd5 8. a3
Nc6 9. O-O Nb6 10. Nbc3 Bg4 11. Qc2 Qe7 12. b4 e4 13. Bb2 exd3 14. Qxd3 Rad8
15. Qc2 Ne5 16. Nd4 c6 17. h3 Bc8 18. Na4 Nxa4 19. Qxa4 Nc4 20. Bc3 Nxe3 21.
Rfe1 Bxd4 22. Bxd4 Rxd4 23. Rxe3 Qf6 24. Qxa7 Rfd8 25. Rae1 Kg7 26. Qc5 Rd1 27.
Re5 b6 28. Qe7 Qxe7 29. Rxe7 Be6 30. Rxd1 Rxd1+ 31. Kh2 c5 32. bxc5 bxc5 33.
Rc7 c4 34. Rc5 Rd2 35. Kg1 Rd1+ 36. Kh2 Ra1 37. Bd5 Bxd5 38. Rxd5 Rxa3 39. Rc5
Rc3 40. Rc6 Rc1 41. Kg2 c3 42. Kf3 h5 43. h4 Kf8 44. Rc7 Ke8 45. Ke2 Rc2+ 46.
Kd1 Rxf2 47. Rxc3 Ke7 48. Ke1 Rh2 49. Kf1 Ke6 50. Rc4 f6 51. Rc5 Rd2 52. Ra5
Rd5 53. Ra2 g5 54. hxg5 Rxg5 55. Kf2 Rb5 56. Ra4 Kf5 57. Kf3 Rb3+ 58. Kg2 Kg5
59. Ra5+ Kg6 60. Kf2 Rb2+ 61. Kf3 Rh2 62. Ra4 Rc2 63. Ra5 Rc3+ 64. Kf2 Rc4 65.
Ra8 h4 66. gxh4 Rxh4 67. Kg3 Rb4 68. Ra5 Rc4 69. Rb5 Ra4 70. Rc5 Ra1 71. Rb5 f5
72. Rb8 Ra3+ 73. Kf4 Ra4+ 74. Kg3 1/2-1/2

[Event "2nd Yerevan Open"]
[Site "?"]
[Date "2017.09.20"]
[Round "1"]
[White "Li, Bo"]
[Black "Barseghyan, Narek"]
[Result "1-0"]
[WhiteElo "2330"]
[BlackElo "1733"]
[PlyCount "95"]
[EventDate "2017.??.??"]

1. d4 Nf6 2. c4 e6 3. g3 d5 4. Nf3 Nbd7 5. Bg2 Ne4 6. O-O Be7 7. Nc3 Ndf6 8.
Ne5 O-O 9. Qc2 Nxc3 10. bxc3 c6 11. Rb1 Nd7 12. Nxd7 Qxd7 13. cxd5 exd5 14. e4
dxe4 15. Qxe4 Bf6 16. Re1 c5 17. Ba3 Rd8 18. Bxc5 h5 19. h4 Qa4 20. Qf3 Bg4 21.
Qxb7 Qxa2 22. Qb3 Qxb3 23. Rxb3 Rac8 24. Ra3 g5 25. hxg5 Bxg5 26. f4 Bf6 27.
Rxa7 Rxc5 28. dxc5 Bxc3 29. Rc1 Bd2 30. Raa1 Be3+ 31. Kh2 Bxc1 32. Rxc1 Rc8 33.
c6 Rc7 34. Kg1 Kf8 35. Rb1 Bc8 36. Rb8 f5 37. Kh2 Ke7 38. Rb7 Kd6 39. Rxc7 Kxc7
40. Kh3 Ba6 41. Bf3 Bd3 42. Kh4 Be4 43. Bxh5 Kxc6 44. Kg5 Kd5 45. Kf6 Kd4 46.
Bg6 Ke3 47. Bxf5 Bc6 48. Ke5 1-0

[Event "2nd Yerevan Open"]
[Site "?"]
[Date "2017.09.20"]
[Round "1"]
[White "Hakobian, Norair"]
[Black "Demianjuk, Alexander"]
[Result "0-1"]
[WhiteElo "1727"]
[BlackElo "2330"]
[PlyCount "102"]
[EventDate "2017.??.??"]

1. e4 c5 2. g3 d5 3. exd5 Qxd5 4. Nf3 Bg4 5. Bg2 Qe6+ 6. Kf1 Nc6 7. h3 Bh5 8.
d3 Nf6 9. Nc3 Qd7 10. Be3 e6 11. Qd2 Be7 12. Kg1 O-O 13. Kh2 Rad8 14. Ne2 Nd5
15. Nf4 Nxf4 16. Bxf4 f6 17. Qc3 e5 18. Be3 b6 19. g4 Bf7 20. Nh4 Nd4 21. Rhe1
h5 22. gxh5 Bxh5 23. Bxd4 exd4 24. Qd2 Bd6+ 25. Kg1 g5 26. Bd5+ Bf7 27. Be4
Qxh3 28. Ng2 Qh2+ 29. Kf1 Qh1+ 30. Ke2 Bh5+ 31. f3 Qxg2+ 32. Kd1 Qxd2+ 33. Kxd2
Bf4+ 34. Ke2 f5 35. Bc6 Rd6 36. Bb5 Bg3 37. Bc4+ Kg7 38. Rf1 Re8+ 39. Kd1 Re3
40. c3 Bxf3+ 41. Kc2 f4 42. a4 dxc3 43. bxc3 Be2 44. Rfc1 Bxd3+ 45. Kb3 f3 46.
Bxd3 Rdxd3 47. Kc4 f2 48. Rab1 Rd2 49. Rf1 Rde2 50. Rbd1 Re1 51. Rd7+ Kg6 0-1

[Event "2nd Yerevan Open"]
[Site "?"]
[Date "2017.09.20"]
[Round "1"]
[White "Gevorgian, David"]
[Black "Gevorgian, Anahit"]
[Result "1-0"]
[WhiteElo "2320"]
[BlackElo "1723"]
[PlyCount "77"]
[EventDate "2017.??.??"]

1. d4 Nf6 2. c4 e6 3. Nc3 Bb4 4. e3 Bxc3+ 5. bxc3 c5 6. Bd3 Nc6 7. Ne2 d6 8.
O-O e5 9. d5 Ne7 10. Bc2 Bf5 11. Ng3 Bxc2 12. Qxc2 Qd7 13. e4 Ng6 14. Nf5 O-O
15. Bg5 Ne8 16. Rae1 f6 17. Bd2 Ne7 18. Ng3 g5 19. Rb1 Ng7 20. Qb3 b6 21. Qd1
h6 22. Rb5 f5 23. exf5 Nxd5 24. h4 Nf4 25. hxg5 hxg5 26. f6 Nf5 27. Bxf4 exf4
28. Qd5+ Qf7 29. Nxf5 Qxd5 30. Ne7+ Kf7 31. Nxd5 Rh8 32. f3 Rae8 33. Rb2 Rh4
34. Kf2 Re5 35. Re2 g4 36. fxg4 Rxg4 37. Rxe5 dxe5 38. Rh1 Kg6 39. Rh8 1-0

[Event "2nd Yerevan Open"]
[Site "?"]
[Date "2017.09.20"]
[Round "1"]
[White "Hakobian, Asghik"]
[Black "Tiraturian, David"]
[Result "0-1"]
[WhiteElo "1708"]
[BlackElo "2316"]
[PlyCount "88"]
[EventDate "2017.??.??"]

1. d4 d5 2. Bf4 Bf5 3. Nf3 e6 4. e3 Nf6 5. Nbd2 Bd6 6. Bg3 O-O 7. Be2 c5 8. c3
Nc6 9. O-O Bxg3 10. hxg3 b6 11. Qb3 c4 12. Qa3 Qc7 13. b3 b5 14. Qc5 Rab8 15.
Ne5 Rfc8 16. g4 Bg6 17. Nxc6 Qxc6 18. Qxc6 Rxc6 19. g5 Nd7 20. b4 Bd3 21. Rfe1
Bxe2 22. Rxe2 a5 23. a3 Ra6 24. Nb1 Nb6 25. Raa2 axb4 26. axb4 Rba8 27. Rxa6
Rxa6 28. f3 Ra1 29. Re1 Na4 30. Kf2 Nb2 31. Kf1 Nd3 32. Rd1 f6 33. gxf6 gxf6
34. e4 Kg7 35. g3 Kg6 36. exd5 exd5 37. Ke2 f5 38. f4 Nb2 39. Rc1 Na4 40. Kd2
Kh5 41. Rg1 Kg4 42. Kc2 Ra2+ 43. Kc1 Nb2 44. Rh1 Nd3+ 0-1